000 00414nam a2200145Ia 4500
008 090124s9999 xx 000 0 und d
082 _b304006
245 _a स्वप्नांतरिता
250 _a1
260 _bकेळकर राजा
_c1999
300 _a198
630 _a स्वप्नांतरिता
730 _a स्वप्नांतरिता
942 _cBOOK
999 _c193643
_d193643